000 00711namaa22002051 4500
001 179022
003 ES-MaACL
005 20230906220641.0
008 110823s1957 sp |||| | spa d
080 _a681.11
100 1 _aLandeira de Compostela, Fernando.
_9147685
245 1 0 _aTheatro chronométrico del noroeste español /
_cFernando Landeira de Compostela.
260 _aMadrid :
_bRoberto Carbonell,
_c1957 (
_eValencia :
_fTip. Moderna)
300 _a178 p., lám. I-XLVII ;
_c17 cm.
490 1 _aBiblioteca literaria del relojero ;
_v5
650 0 4 _aRelojes-
_zEspaña.
_916840
830 1 _aBiblioteca literaria del relojero ;
_v5
_9191048
852 _aES-MaACL
_jE-3744
999 _c179022
_d179022